<?xml version="1.0" encoding="UTF-8"?>
<record
    xmlns:xsi="http://www.w3.org/2001/XMLSchema-instance"
    xsi:schemaLocation="http://www.loc.gov/MARC21/slim http://www.loc.gov/standards/marcxml/schema/MARC21slim.xsd"
    xmlns="http://www.loc.gov/MARC21/slim">

  <leader>01551nam a2200205 a 4500</leader>
  <controlfield tag="008">161215t2015    spa |||g  ||| 001 1 spa d</controlfield>
  <datafield tag="020" ind1=" " ind2=" ">
    <subfield code="a">9789500751735</subfield>
  </datafield>
  <datafield tag="041" ind1=" " ind2=" ">
    <subfield code="a">spa</subfield>
  </datafield>
  <datafield tag="092" ind1=" " ind2=" ">
    <subfield code="c">863</subfield>
    <subfield code="l">28</subfield>
    <subfield code="s">GAR</subfield>
  </datafield>
  <datafield tag="100" ind1="1" ind2=" ">
    <subfield code="a">Garc&#xED;a M&#xE1;rquez, Gabriel</subfield>
    <subfield code="9">3265</subfield>
  </datafield>
  <datafield tag="245" ind1=" " ind2="3">
    <subfield code="a">El oto&#xF1;o del patriarca /</subfield>
    <subfield code="c">Gabriel Garc&#xED;a M&#xE1;rquez</subfield>
  </datafield>
  <datafield tag="250" ind1=" " ind2=" ">
    <subfield code="a">1a ed.</subfield>
  </datafield>
  <datafield tag="260" ind1=" " ind2=" ">
    <subfield code="a">Buenos Aires:</subfield>
    <subfield code="b">Sudamericana;</subfield>
    <subfield code="c">2015.</subfield>
  </datafield>
  <datafield tag="300" ind1=" " ind2=" ">
    <subfield code="a">304 p.</subfield>
    <subfield code="c">19x13 cm.</subfield>
  </datafield>
  <datafield tag="500" ind1=" " ind2=" ">
    <subfield code="a">Garc&#xED;a M&#xE1;rquez, G. (2015). El oto&#xF1;o del patriarca. (1a. ed). Buenos Aires : Sudamericana.</subfield>
  </datafield>
  <datafield tag="505" ind1=" " ind2=" ">
    <subfield code="a">Gabriel Garc&#xED;a M&#xE1;rquez ha declarado una y otra vez que El oto&#xF1;o del patriarca es la novela en la que m&#xE1;s trabajo y esfuerzo invirti&#xF3;. En efecto, Garc&#xED;a M&#xE1;rquez ha construido una maquinaria narrativa perfecta que desgrana una historia universal -la agon&#xED;a y muerte de un dictador- en forma c&#xED;clica, experimental y real al mismo tiempo, en seis bloques narrativos sin di&#xE1;logos, sin puntos y aparte, repitiendo una an&#xE9;cdota siempre igual y siempre distinta, acumulando hechos y descripciones deslumbrantes. Novela escrita en Barcelona, entre 1968 y 1975, El oto&#xF1;o del patriarca deja asomar en su trasfondo el acontecimiento m&#xE1;s importante de la historia espa&#xF1;ola de aquellos a&#xF1;os -la muerte del general Franco-, aunque su contexto y estilo sean, como siempre en este escritor, el de la asombrosa realidad latinoamericana que Garc&#xED;a M&#xE1;rquez ha elevado una vez m&#xE1;s a la dignidad de mito.  </subfield>
  </datafield>
  <datafield tag="590" ind1=" " ind2=" ">
    <subfield code="a">Donaci&#xF3;n Julia Alfaro. Proyecto 4to libro</subfield>
  </datafield>
  <datafield tag="655" ind1=" " ind2=" ">
    <subfield code="a">Novela</subfield>
    <subfield code="9">3091</subfield>
  </datafield>
  <datafield tag="942" ind1=" " ind2=" ">
    <subfield code="2">ddc</subfield>
    <subfield code="c">LIT</subfield>
  </datafield>
  <datafield tag="999" ind1=" " ind2=" ">
    <subfield code="c">2428</subfield>
    <subfield code="d">2428</subfield>
  </datafield>
  <datafield tag="952" ind1=" " ind2=" ">
    <subfield code="0">0</subfield>
    <subfield code="1">0</subfield>
    <subfield code="2">ddc</subfield>
    <subfield code="4">0</subfield>
    <subfield code="7">0</subfield>
    <subfield code="a">BFM</subfield>
    <subfield code="b">BFM</subfield>
    <subfield code="c">CR</subfield>
    <subfield code="d">2017-09-01</subfield>
    <subfield code="e">Donaci&#xF3;n Julia Alfaro, Agosto 2017</subfield>
    <subfield code="l">6</subfield>
    <subfield code="m">5</subfield>
    <subfield code="o">863 28 GAR</subfield>
    <subfield code="p">3892</subfield>
    <subfield code="r">2023-12-21</subfield>
    <subfield code="s">2023-09-25</subfield>
    <subfield code="t">Ej.1</subfield>
    <subfield code="w">2017-09-01</subfield>
    <subfield code="y">LIT</subfield>
    <subfield code="z">Proyecto 4to libro. Donaci&#xF3;n Julia Alfaro, Agosto 2017</subfield>
  </datafield>
  <datafield tag="952" ind1=" " ind2=" ">
    <subfield code="0">0</subfield>
    <subfield code="1">0</subfield>
    <subfield code="2">ddc</subfield>
    <subfield code="4">0</subfield>
    <subfield code="7">0</subfield>
    <subfield code="a">BFM</subfield>
    <subfield code="b">BFM</subfield>
    <subfield code="c">CR</subfield>
    <subfield code="d">2019-05-31</subfield>
    <subfield code="e">Donaci&#xF3;n Cabanne, Julia. Mayo 2019</subfield>
    <subfield code="l">0</subfield>
    <subfield code="o">863 28 GAR</subfield>
    <subfield code="p">4438</subfield>
    <subfield code="r">2019-05-31</subfield>
    <subfield code="t">Ej. 2</subfield>
    <subfield code="w">2019-05-31</subfield>
    <subfield code="y">LIT</subfield>
    <subfield code="z">Proyecto 4to libro. Donaci&#xF3;n Cabanne, Julia. Mayo 2019</subfield>
  </datafield>
</record>
